| 000 | 00870nam a2200265 i 4500 | ||
|---|---|---|---|
| 001 | 000044659 | ||
| 003 | DO-SdBNP | ||
| 005 | 20240716143844.0 | ||
| 007 | ta | ||
| 008 | 141215s2014 dr ac 001 0 spa d | ||
| 020 | _a9789945859225 | ||
| 040 |
_aDO-SdBNP _bspa _cBNPHU _erda |
||
| 082 | 4 | _222 | |
| 100 | 1 |
_aTaveras, Lorena, _913159 _eautora |
|
| 245 | 1 | 0 |
_aHijas de María Auxiliadora en las Antillas : _bdiccionario bibliográfico 1974-2014 / _cLorena Taveras. |
| 264 |
_aSanto Domingo : _bInstituto Hijas de María Auxiliadora, _c2014. |
||
| 300 |
_avolumen : _bilustraciones y retratos ; _c23 cm. |
||
| 336 |
_2rdacontent _atexto _btxt |
||
| 337 |
_2rdamedia _asin mediación _bn |
||
| 338 |
_2rdacarrier _avolumen _bnc |
||
| 500 | _aIncluye índice general | ||
| 500 | _aLa biblioteca posee el volumen 3 | ||
| 590 | _aInventariado, 2024/BT | ||
| 942 |
_2ddc _cLBS1 |
||
| 999 |
_c44148 _d44148 |
||